000 00366pab a2200145 454500
008 180718b1986 xxu||||| |||| 00| 0 eng d
100 _aLubin, Martin
245 _aSymposium on public policy, Canada and the united states
260 _c1986
300 _a555-65
362 _aJun.
650 _aPublic Policy
773 _aPolicy Studies Journal
909 _a16692
999 _c16692
_d16692